00553nam a2200169Ia 4500008004100000020001500041041001200056082001600068100001400084245003400098260003700132300000800169650001400177942000700191999001500198952017000213221030s9999 xx 000 0 und d a8125909850 aEnglish a105.23bSax aS. Saxena 0aMS - Excel 2000 In A Nutshell bVikas Pub HouseaNew Delhic2001 a147 aComputers cBK c2020d2020 pM 222g90.00l0o105.23 Saxr2024-06-10 00:00:00w2022-10-30yBK003Print4070aMIETLIBbMIETLIBcBL-Academic Block- B, FL-2, CUP-25, SH-1, R-1d2004-05-0810HMCA